Most Followed US National Park Units - Statistics

General Stats
  • This quiz has been taken 254 times
  • The average score is 18 of 46
Answer Stats
followers state Designation Park % Correct
1.3m multiple park Yellowstone
98%
1.8m CA park Yosemite
95%
853k AZ park Grand Canyon
85%
195k FL park Everglades
83%
875k UT park Zion
75%
926k MT park Glacier
71%
331k UT park Arches
65%
485k CA park Joshua Tree
65%
664k CO park Rocky Mountain
64%
371k ME park Acadia
63%
328k AK park Denali
63%
719k WY park Grand Teton
63%
174k SD park Badlands
57%
207k CA park Redwood
57%
335k multiple park Death Valley
55%
608k multiple park Great Smoky Mountains
52%
343k WA park Olympic
52%
272k UT park Bryce Canyon
51%
249k TX park Big Bend
50%
407k WA park Mount Rainier
48%
260k HI park Hawaii Volcanoes
46%
301k VA park Shenandoah
44%
184k UT park Canyonlands
32%
138k NM park Carlsbad Caverns
28%
164k AZ park Petrified Forest
27%
189k AZ park Saguaro
27%
348k CA park Kings Canyon
25%
91.8k OH park Cuyahoga Valley
24%
92.7k WY monument Devils Tower
24%
72.2k MA seashore Cape Cod
22%
73.3k MI park Isle Royale
22%
104k UT park Capitol Reef
21%
117k WA park North Cascades
20%
95.3k FL park Dry Tortugas
19%
138k AK park Glacier Bay
18%
85.3k CO park Mesa Verde
18%
91.4k FL park Biscayne
17%
116k TX park Guadalupe Mountains
16%
85.4k AK park Kenai Fjords
16%
136k AK park Katmai
13%
92.2k HI park Haleakala
12%
92.9k CA recreation area Golden Gate
8%
90.2k AK park Lake Clark
8%
72.6k MI lakeshore Pictured Rocks
7%
106k CA seashore Point Reyes
6%
118k multiple monument Dinosaur
4%
No matching quizzes found
Score Distribution
Percent of People with Each Score
Percentile by Number Answered
Your Score History
You have not taken this quiz